| 000 | 00684nam a2200229 i 4500 | ||
|---|---|---|---|
| 001 | 52718 | ||
| 003 | ES-MaACL | ||
| 005 | 20251212171635.0 | ||
| 007 | t| | ||
| 008 | 030903s1966 sp ||||1| spa d | ||
| 100 | 1 |
_aDebré, Robert. _943134 |
|
| 245 | 1 | 0 |
_aPediatría / _cRobert Debré, Marcel Lelong ; versión J.M. Francés ; prólogo Manuel Cruz. |
| 250 | _a[1ª ed.]. | ||
| 260 |
_aBarcelona : _bJims, _c1966. |
||
| 300 |
_a2 v. : _bil. ; _c27 cm. |
||
| 650 | 4 |
_aPediatría. _9136672 |
|
| 700 | 1 |
_aLelong, Marcel. _971436 |
|
| 700 | 1 |
_aFrancés, J. M. _952140 |
|
| 700 | 1 |
_aCruz Conejo, Manuel _941800 |
|
| 852 |
_aES-MaACL _jP-798-bis _bR.58471 |
||
| 999 |
_c52718 _d52718 |
||